00000000nam##2200000za#4500
0019.569387
003CaOODSP
00520210624181738
007cr |||||||||||
008150406|1991||||xxc|||||o    f|0| 0 eng|d
040 |aCaOODSP|beng
043 |an-cn---
0861 |aNH18-1/70-1-1991E-PDF
1102 |aCanada Mortgage and Housing Corporation.
24510|aInvestigation of crawl space ventilation and moisture control strategies for B.C. houses : |h[electronic resource]|bfinal report / |cprepared by Sheltair Scientific Ltd.
260 |aOttawa - Ontario : |bCanada Mortgage and Housing Corporation |c1991.
300 |a41p.|bfigs., graphs, references, table
4901 |aResearch report
500 |aFor appendices see NH18-1/70-2-1991E-PDF.
546 |a(Résumé en français.)
590 |a11-05-Supp|b2011-03-15
830#0|aResearch report (Canada Mortgage and Housing Corporation : Online)|w(CaOODSP)9.506068
85640|ahttp://publications.gc.ca|qPDF|s1.03 MB|uhttps://publications.gc.ca/collections/collection_2011/schl-cmhc/nh18-1/NH18-1-70-1-1991-eng.pdf